LEADER 00985nam0-22003491i-450- 001 990007352130403321 005 20071107124238.0 010 $a88-07-11016-4 035 $a000735213 035 $aFED01000735213 035 $a(Aleph)000735213FED01 035 $a000735213 100 $a20021021d1987----km-y0itay50------ba 101 0 $aita 102 $aIT 105 $ay-------001yy 200 1 $a<>certa idea della sinistra$fGianfranco Pasquino$gpresentazione di Pietro Ingrao 210 $aMilano$cFeltrinelli$d©1987 215 $a161 pp.$d24 cm 225 1 $aPresenze Feltrinelli 676 $a324.24507$v20$zita 700 1$aPasquino,$bGianfranco$f<1942- >$0124397 702 1$aIngrao,$bPietro$f<1915- > 801 0$aIT$bUNINA$gRICA$2UNIMARC 901 $aBK 912 $a990007352130403321 952 $aXV D 283$b409$fDTE 952 $aXI F P 14$b293$fDFD 959 $aDFD 959 $aDTE 996 $aCerta idea della sinistra$9694539 997 $aUNINA LEADER 00991nam0-2200313 --450 001 9910341653103321 005 20191024155308.0 010 $a978-88-99982-38-6 020 $aIT$b2018-4584 100 $a20191024d2017----kmuy0itay5050 ba 101 0 $aita$aeng 102 $aIT 105 $a 001yy 200 1 $a<>Africa delle cittą$eurban Africa$fa cura di Alessandro Gusman e Cecilia Pennacini 210 $aTorino$caAccademia University Press$cCentro piemontese di studi africani$d2017 215 $aXXVI, 381 p.$cill.$d21 cm 300 $aTesti in italiano o in inglese 610 0 $aUrbanizzazione$aAfrica 676 $a307.76096$v23$zita 702 1$aPennacini,$bCecilia 702 1$aGusman,$bAlessandro 712 02$aCentro Piemontese di Studi Africani 801 0$aIT$bUNINA$gREICAT$2UNIMARC 901 $aBK 912 $a9910341653103321 952 $aXIV E 4401$b1600/2019$fFSPBC 959 $aFSPBC 996 $aAfrica delle cittą$91565304 997 $aUNINA